Principales Diferencias US GAAP – IFRS - NIF

Detalles Bibliográficos
Autor Corporativo: Instituto Mexicano de Contadores Pb︢licos
Formato: eBook
Lenguaje:español
Publicado: Mx̌ico : Instituto Mexicano de Contadores Pb︢licos, 2009.
Materias:
Acceso en línea:Acceso restringido

MARC

LEADER 00000nam a22000007a 4500
005 20110902130731.0
008 110902t2011 mx ||||s|||| 00| 0 spa d
020 |a 978-607-7620-20-4 
035 |a 5401 
040 |a vLex 
090 |c 2355  |d 2355 
245 0 0 |a Principales Diferencias US GAAP – IFRS - NIF  |h [Recurso electrn̤ico] 
256 |a Servicio en ln̕ea. 
260 |a Mx̌ico :  |b Instituto Mexicano de Contadores Pb︢licos,  |c 2009. 
300 |a 1 recurso electrn̤ico 
500 |a El libro que tiene usted en sus manos es una gua̕ elaborada, actualizada y revisada por los profesionales de Ernst & Young bajo una visin̤ global, ya que cuenta con la colaboracin̤ de los profesionales tčnicos de dicha firma en los pas̕es ld̕eres en la aplicacin̤ de U.S. GAAP, IFRS y NIF.  
506 1 |a Contenido solo disponible en los productos indicados  |d vLex Global  |d vLex Global (Academic Edition, excluding Law Schools)  |d vLex Global (U.S. Academic Edition, Law Schools)  |d vLex Global (U.S. Academic Edition, excluding Law Schools)  |d vLex Global (Academic Edition, Law Schools) 
650 0 4 |a Derecho tributario  |z Mx̌ico 
710 2 |a Instituto Mexicano de Contadores Pb︢licos 
740 0 |a vLex Libros (Servicio en ln̕ea) 
856 4 0 |u http://vlex.com/source/principales-diferencias-us-gaap-ifrs-nif-5401  |z Acceso restringido 
942 |c BOOK